header

Work and family--allies or enemies? (Record no. 50991)

MARC details
000 -LEADER
fixed length control field 01337nam a22003134a 4500
082 04 - DEWEY DECIMAL CLASSIFICATION NUMBER
Classification number 306.3/6/0973
100 1# - MAIN ENTRY--AUTHOR NAME
Personal name Friedman, Stewart D.
245 10 - TITLE STATEMENT
Title Work and family--allies or enemies?
260 ## - PUBLICATION, DISTRIBUTION, ETC. (IMPRINT)
Place of publication Oxford ;
-- New York :
Name of publisher Oxford University Press,
Year of publication 2000.
300 ## - PHYSICAL DESCRIPTION
Number of Pages xv, 271 p. :
Other physical details ill.
650 #0 - SUBJECT ADDED ENTRY--TOPICAL TERM
Topical Term Work and family
Topical Term Industries
700 1# - ADDED ENTRY--PERSONAL NAME
Personal name Greenhaus, Jeffrey H.
856 40 - ELECTRONIC LOCATION AND ACCESS
Uniform Resource Identifier http://site.ebrary.com/lib/rucke/Doc?id=10086779

No items available.

© 2026 Rongo University
Contact us: librarian | system librarian | Rongo university